[Event "52nd Iran-ch Men Final 2019"]
[Site "Bushehr"]
[Date "2019.02.01"]
[Round "9"]
[White "Gholami, Aryan"]
[Black "Gholami Orimi, Mahdi"]
[Result "1-0"]
[WhiteElo "2488"]
[BlackElo "2377"]
[Annotator "TA"]
[PlyCount "169"]
[EventDate "2019.01.24"]
[EventType "tourn"]
[EventCountry "IRI"]
[SourceTitle "playchess.com"]
[Source "ChessBase"]
[SourceQuality "1"]

{[%evp 21,169,25,27,6,42,41,38,0,50,50,43,43,52,52,115,111,119,126,120,112,113,113,117,73,88,75,152,150,148,141,139,141,135,149,149,136,180,158,177,172,253,159,158,153,162,81,155,158,146,137,170,163,186,187,225,225,225,225,225,225,225,225,225,225,225,225,225,225,225,225,225,225,225,217,217,217,217,216,211,211,210,208,1057,1118,697,439,4231,4231,4231,4231,4231,4204,4189,4189,4189,4149,4149,4149,29964,29964,29964,29965,29961,11881,29965,4141,29968,29969,29969,29970,29973,29974,29974,29974,29974,29975,29978,29979,29978,29978,29978,29979,29980,29981,29981,29980,29982,29968,29983,29984,29984,29985,29985,29986,29987,29988,29988,29989,29989,29990,29990,29990,29991,29992,29992,29993,29993,29994,29994,29995]} 1. Nf3 $146 (1. d4 Nf6 2. c4 e6 3. Nf3 b6 4. g3 Bb7 5. Bg2 Be7 6. O-O O-O 7. Re1 Na6 8. Nc3 d5 9. cxd5 {0-1 (82) Nakamura,H (2787)-Carlsen,M (2853) chess.com INT 2016}) ({Predecessor:} 1. d4 Nf6 2. c4 e6 3. Nf3 b6 4. g3 Bb7 5. Bg2 Be7 6. O-O O-O 7. Re1 d5 8. cxd5 exd5 {½-½ (72) Stanach,F (2448)-Johansson,M (2336) ICCF email 2011}) 1... Nf6 2. c4 e6 3. g3 b6 4. Bg2 Bb7 5. O-O Be7 6. Nc3 O-O 7. Re1 d5 8. cxd5 exd5 9. d4 Na6 10. Bf4 ({Predecessor:} 10. Qc2 c5 11. Rd1 Re8 12. Bf4 h6 {½-½ (72) Stanach,F (2448)-Johansson,M (2336) ICCF email 2011}) 10... c5 (10... Re8 11. Rc1 {0-1 (82) Nakamura,H (2787)-Carlsen,M (2853) chess.com INT 2016}) 11. Rc1 Re8 12. Qc2 {E17: Queen's Indian: 4 g3 Bb7 5 Bg2 Be7} (12. dxc5 Nxc5 13. Nd4 a6 14. a3 Bf8 15. b4 Ne6 16. Nxe6 fxe6 17. Na4 Rc8 18. Rxc8 Qxc8 19. Qd4 b5 {0-1 (82) Nakamura,H (2787)-Carlsen,M (2853) chess.com INT 2016}) 12... h6 13. Red1 Bf8 ({Predecessor:} 13... Qd7 14. a3 Rac8 15. h4 Nc7 16. e3 Bd6 17. dxc5 bxc5 {½-½ (72) Stanach,F (2448)-Johansson,M (2336) ICCF email 2011}) 14. a3 {White is slightly better.} Qc8 15. Be5 Nd7 16. Bh3 Qc6 17. Bf4 c4 ({Black should try} 17... g5 $14) 18. e4 $1 $16 {[%cal Re4d5]} Nc7 19. Bxc7 Qxc7 20. Nxd5 Bxd5 21. exd5 b5 22. Qf5 Nf6 23. d6 Qxd6 (23... Bxd6 $142 24. Qxb5 Rab8 25. Qxc4 Qxc4 26. Rxc4 Rxb2) 24. Qxb5 Rab8 25. Qxc4 Rxb2 26. Ne5 Qd5 27. Qxd5 Nxd5 28. a4 Ra2 29. Bd7 Rd8 30. Bb5 $1 a6 (30... Ra3 {was worth a try.} 31. Nc6 Rd7) 31. Bxa6 Rxa4 32. Bb5 Raa8 33. Rd3 (33. Bc4 $1 $18) 33... Rd6 ({Better is} 33... Ra7) 34. Bc4 Ra7 35. Rb3 {Bxd5 is the strong threat.} g6 36. Rb5 Nf6 {[#]} 37. Rcb1 $1 {Black must now prevent Rb7.} Re7 38. Nxg6 $1 Rc7 39. Rc5 Rxc5 40. dxc5 Rd4 41. Ne5 Re4 42. Bxf7+ Kg7 43. f4 Bxc5+ 44. Kf1 Bd6 45. Rb7 Rb4 46. Rxb4 Bxb4 $18 {[%mdl 4096] Endgame KBN-KBN} 47. Be6 Bd6 48. Nf3 Nh5 49. Bg4 Nf6 50. Bf5 Nd5 {Black wants to play ...Ne3+.} 51. Be4 Nxf4 $2 (51... Nc7 52. Ke2 Bc5) 52. gxf4 Bxf4 53. Kg2 Kf6 (53... Bd6 $142 54. Kf2 Bf4) 54. Kh3 Be3 55. Kg4 Bc1 56. Kh5 Be3 57. Nh4 Bf4 {[#]} 58. h3 $1 Kg7 59. Nf5+ Kh8 60. Kg6 Kg8 61. Bd5+ Kh8 62. h4 Bc1 63. Nd6 (63. h5 $142 Bf4 64. Nd4 Bd2 65. Nc6 Be3 66. Ne5 Bf4 67. Nf7+ Kg8 68. Nxh6+ Kf8 69. Nf7) 63... Bf4 64. Nf7+ {White mates.} Kg8 65. Nxh6+ Kh8 66. Nf7+ Kg8 67. h5 Bc1 68. h6 Bxh6 69. Nxh6+ {[%mdl 64] Discovered Attack (Double check)} Kh8 70. Nf7+ Kg8 71. Be4 Kf8 72. Kf6 Kg8 73. Bg6 Kf8 74. Bh7 Ke8 75. Ne5 Kd8 76. Ke6 Kc7 77. Nd7 Kc6 78. Bd3 Kc7 79. Be4 Kd8 80. Kd6 Ke8 81. Bg6+ Kd8 82. Nc5 Kc8 83. Bd3 Kd8 84. Bb5 Kc8 85. Bd7+ {Accuracy: White = 82%, Black = 30%.} 1-0

[Event "52nd Iran-ch Men Final 2019"]
[Site "Bushehr"]
[Date "2019.02.01"]
[Round "9"]
[White "Darini, Pouria"]
[Black "Tahbaz, Arash"]
[Result "0-1"]
[WhiteElo "2475"]
[BlackElo "2468"]
[Annotator "TA"]
[PlyCount "106"]
[EventDate "2019.01.24"]
[EventType "tourn"]
[EventCountry "IRI"]
[SourceTitle "playchess.com"]
[Source "ChessBase"]
[SourceQuality "1"]

{[%evp 9,106,37,50,21,32,32,39,32,25,23,37,17,24,27,39,-11,36,22,17,18,48,0,0,-8,0,-8,-8,-64,-58,-25,-56,-69,-67,-71,-66,-70,-51,-54,-62,-69,-70,-66,-45,-67,-60,-102,-99,-80,-96,-83,-100,-105,-46,-113,-93,-95,-76,-100,-102,-108,-8,-8,-29,-8,-13,-38,-38,-224,-214,-365,-356,-545,-518,-533,-532,-557,-506,-2107,-2325,-2593,-1390,-2346,-1801,-1591,-2411,-2828,-2280,-2808,-2627,-2289,-2066,-29981,-29981,-29988,-29988,-29988,-29989,-29992,-29987]} 1. e4 g6 ({Predecessor:} 1... d6 2. d4 g6 3. Nc3 {0-1 (53) Sawlin,L (2343)-Dvalishvili,P (2413) Moscow 2018}) 2. d4 Bg7 3. Nc3 d6 $146 (3... a6 4. Be3 {0-1 (43) Savchenko,B (2562)-Sjugirov,S (2663) St Petersburg 2018}) 4. Be3 a6 ({Predecessor:} 4... Nd7 5. Qd2 a6 6. h4 h5 7. O-O-O b5 8. Nh3 Bb7 {0-1 (53) Sawlin,L (2343)-Dvalishvili,P (2413) Moscow 2018}) 5. Qd2 b5 6. h4 {B06: Modern Defence} (6. f3 Nd7 7. a4 b4 8. Nd1 a5 9. c3 bxc3 10. bxc3 Ngf6 11. Bb5 O-O 12. Ne2 Bb7 13. O-O c6 14. Bd3 e5 15. Nf2 d5 16. Rab1 {0-1 (43) Savchenko,B (2562)-Sjugirov,S (2663) St Petersburg 2018}) 6... h5 7. O-O-O Bb7 8. f3 {White is slightly better.} Nd7 9. Nh3 Rc8 10. Kb1 c5 11. dxc5 Nxc5 12. Bd4 Nf6 13. Ng5 O-O 14. Nd5 e5 15. Be3 (15. Nxf6+ $14 Bxf6 16. Be3) ({Predecessor:} 15. Nxf6+ Qxf6 {0-1 (53) Sawlin,L (2343)-Dvalishvili,P (2413) Moscow 2018}) 15... Bxd5 $1 $11 16. exd5 e4 17. Bd4 Re8 18. Be2 (18. g4 $11) 18... Qe7 $15 19. Rhe1 e3 $36 {[%mdl 2048] Black has good play.} 20. Qa5 Nh7 {And now ...Bxd4 would win.} 21. Bxg7 Kxg7 22. Qc3+ Qf6 23. Qxf6+ Nxf6 24. Rd4 Re5 25. Red1 Na4 26. c4 bxc4 27. Rxc4 Rxc4 28. Bxc4 a5 29. g3 Nb6 30. Be2 Nfxd5 (30... Rxd5 $17 31. a3 Rxd1+ 32. Bxd1 Ng8) 31. Ne4 (31. Rd4 $15) 31... f5 32. Nxd6 f4 $1 {[%cal Rf4g3]} 33. g4 hxg4 $1 34. fxg4 Re6 (34... Nc7 $17 35. g5 a4) 35. Nb5 $11 Nf6 36. Nd4 Re7 37. Nc6 Re8 38. Nd4 $2 {[#]} (38. Rd8 $1 $15) 38... Ne4 $1 $19 39. Nf3 $2 {[#]} (39. Rc1 {is a better defense.} Nd2+ 40. Kc2) 39... Ng3 $1 {[%cal Rg3e2]} 40. Re1 (40. Bb5 $142 e2 41. Rc1) 40... Nxe2 41. Rxe2 {[%mdl 4096] Endgame KRN-KRN} Nc4 42. Kc2 {intending Kd3.} Ne5 43. Nxe5 (43. Nh2 $142 Rc8+ 44. Kd1) 43... Rxe5 {KR-KR} 44. Kd3 Re8 45. h5 gxh5 46. gxh5 Kh6 47. Re1 Kxh5 48. Ke2 Kg4 49. Rg1+ Kf5 50. Rg7 {[#]} f3+ $1 {[%mdl 512] Black mates.} 51. Ke1 (51. Kxf3 e2) 51... Rh8 52. Rf7+ Ke4 {[%cal Rh8h1]} 53. Re7+ Kd4 {Accuracy: White = 46%, Black = 71%.} 0-1

[Event "52nd Iran-ch Men Final 2019"]
[Site "Bushehr"]
[Date "2019.02.01"]
[Round "9"]
[White "Khodashenas, Mersad"]
[Black "Idani, Pouya"]
[Result "1/2-1/2"]
[WhiteElo "2455"]
[BlackElo "2611"]
[Annotator "TA RC"]
[PlyCount "79"]
[EventDate "2019.01.24"]
[EventType "tourn"]
[EventCountry "IRI"]
[SourceTitle "playchess.com"]
[Source "ChessBase"]
[SourceQuality "1"]

{[%evp 9,79,35,39,20,15,9,15,5,20,8,18,0,12,14,11,18,15,9,21,16,45,36,39,41,47,36,54,56,54,56,53,16,44,18,58,0,0,0,0,0,2,3,7,0,0,0,0,-21,-21,-21,-21,-14,-16,-19,-18,-22,-24,-35,-2,-29,-29,-29,-29,-29,-29,-29,-29,-29,-29,-29,0,-29]} 1. e4 c5 2. Nf3 Nc6 ({Predecessor:} 2... d6 3. Bb5+ {0-1 (50) Antonio,R (2574)-Le,Q (2635) Ha Long City 2009}) 3. Bb5 d6 4. O-O Bd7 5. Re1 Nf6 6. Bxc6 $146 {B51: Sicilian: Moscow Variation (3 Bb5+) without 3...Bd7} (6. c3 a6 7. Bc4 Bg4 8. d4 cxd4 9. cxd4 Bxf3 10. gxf3 Rc8 11. Nc3 e5 12. Be3 Nxd4 13. Bf1 Ne6 14. Qb3 {½-½ (30) Bartel,M (2600)-Naiditsch,A (2736) Germany 2018}) ({Predecessor:} 6. Nc3 e6 7. d3 Be7 8. Bxc6 Bxc6 9. e5 dxe5 10. Nxe5 {0-1 (50) Antonio,R (2574)-Le,Q (2635) Ha Long City 2009}) 6... Bxc6 7. e5 dxe5 8. Nxe5 Rc8 9. d3 e6 10. Nc3 {[%cal Bb1c3,Bc3e4,Be4d2,Bd2c4][%mdl 32]} Be7 11. b3 ({Predecessor:} 11. a4 O-O 12. Bg5 h6 13. Bh4 Nd5 14. Bxe7 Nxe7 {0-1 (50) Antonio,R (2574)-Le,Q (2635) Ha Long City 2009}) 11... O-O 12. Nxc6 Rxc6 13. Bb2 Nd7 14. Ne4 f5 15. Nd2 Bf6 16. Bxf6 Qxf6 17. a4 Rd6 18. Nc4 Rd5 19. Qe2 Re8 20. Rab1 b6 21. Qf3 Re7 22. Re2 (22. Qf4 $14) 22... Ne5 $11 23. Nxe5 Rxe5 24. Rbe1 Rxe2 25. Qxe2 {[%mdl 4096] Endgame KQR-KQR} Qc3 26. Qd1 g6 27. Re2 Kf7 28. Qe1 (28. h4 {keeps more tension.} e5 29. g3 Qd4 30. Qd2 Kg7 31. Kg2) 28... Qxe1+ 29. Rxe1 {KR-KR} g5 30. f3 Kf6 31. Kf2 Rd7 32. Ke3 h5 33. Rb1 a5 34. c3 e5 35. h3 h4 36. Rd1 Ke6 37. Rb1 Rd8 38. Re1 Rb8 39. Ra1 Kf6 40. Ra2 {Accuracy: White = 55%, Black = 64%.} (40. b4 $5) 1/2-1/2

[Event "52nd Iran-ch Men Final 2019"]
[Site "Bushehr"]
[Date "2019.02.01"]
[Round "9"]
[White "Moradi, Amirmasoud"]
[Black "Daghli, Arash"]
[Result "1/2-1/2"]
[WhiteElo "2321"]
[BlackElo "2366"]
[Annotator "NA"]
[PlyCount "105"]
[EventDate "2019.01.24"]
[EventType "tourn"]
[EventCountry "IRI"]
[SourceTitle "playchess.com"]
[Source "ChessBase"]
[SourceQuality "1"]
[TimeControl "40/5400+30:1800+30"]

{[%evp 8,105,54,51,32767,53,54,54,47,32767,69,49,51,74,66,61,89,93,95,98,32767,32767,32767,32767,32767,32767,91,119,118,125,149,132,129,105,137,133,126,76,77,75,74,80,32767,32767,32767,32767,32767,32767,82,83,32767,32767,82,50,56,0,0,32767,32767,6,32767,32767,32767,32767,32767,32767,32767,32767,32767,32767,32767,32767,32767,0,32767,32767,32767,32767,32767,32767,0,0,32767,0,32767,32767,32767,32767,32767,32767,32767,32767,32767,0,32767,32767,32767,32767,32767,0]} 1. d4 {[%emt 0:00:06]} Nf6 {[%emt 0:00:00]} 2. c4 {[%emt 0:00:30]} g6 {[%emt 0:00:14]} 3. Nc3 {[%emt 0:00:55]} Bg7 {[%emt 0:00:21]} 4. e4 {[%emt 0:00:08]} d6 {[%emt 0:00:21]} 5. Be2 {[%emt 0:00:07]} O-O {[%emt 0:01:28]} 6. Be3 {[%emt 0:00:24]} e5 {[%emt 0:00:57]} 7. d5 {[%emt 0:00:07]} Na6 {[%emt 0:00:21]} 8. g4 {[%emt 0:01:41]} Nc5 {[%emt 0:00:16]} 9. f3 $1 {[%emt 0:00:19]} h5 $146 {[%emt 0:00:52]} ({Predecessor:} 9... a5 10. Qd2 h5 11. g5 Nh7 {½-½ (36) Chabanon,J (2458)-Degraeve,J (2586) Agen 2016}) 10. g5 {[%emt 0:07:25]} Nh7 {[%emt 0:00:52]} 11. h4 {[%emt 0:12:07]} a5 {[%emt 0:04:41]} 12. Qd2 {[%emt 0:01:53] LiveBook: 18 Games} f6 {[%emt 0:02:25]} 13. Nh3 {[%emt 0:16:01]} a4 {[%emt 0:02:49] E73: King's Indian: Averbakh Variation without 6...c5} ({Predecessor:} 13... Bxh3 14. Rxh3 fxg5 15. hxg5 a4 {½-½ (36) Chabanon,J (2458)-Degraeve,J (2586) Agen 2016}) 14. O-O-O {[%emt 0:08:59]} Bxh3 {[%emt 0:00:39]} 15. Rxh3 {[%emt 0:00:20]} fxg5 {[%emt 0:00:21]} 16. hxg5 {[%emt 0:00:53]} Rf4 {[%emt 0:02:33]} 17. Rg3 {[%emt 0:11:58]} ({Predecessor:} 17. Rg1 Qe7 18. Kb1 Raf8 19. Bd1 a3 20. b4 Na6 21. b5 {½-½ (36) Chabanon,J (2458)-Degraeve,J (2586) Agen 2016}) 17... Qf8 {[%emt 0:08:04]} 18. Nb5 {[%emt 0:06:54]} Qf7 {[%emt 0:07:37]} 19. Rgg1 {[%emt 0:10:23]} ({Resist} 19. Bxf4 $6 exf4 20. Rgg1 a3 $11) 19... Nf8 {[%emt 0:05:38]} 20. Qc2 {[%emt 0:01:22]} Rh4 {[%emt 0:07:56]} 21. Rd2 {[%emt 0:00:27]} Rh2 {[%emt 0:10:20]} 22. Bd1 {[%emt 0:00:24]} Rxd2 {[%emt 0:01:05]} 23. Qxd2 {[%emt 0:00:07]} Qe7 {[%emt 0:03:13]} 24. Kb1 {[%emt 0:06:19]} c6 {[%emt 0:06:03]} 25. dxc6 {[%emt 0:08:36]} bxc6 {[%emt 0:00:03]} 26. Nxd6 {[%emt 0:00:06]} Nfe6 {[%emt 0:00:45]} 27. Nf5 $1 {[%emt 0:00:02]} Qc7 {[%emt 0:09:59]} (27... gxf5 $11 {remains equal.} 28. exf5 Rd8) 28. Nxg7 {[%emt 0:01:08]} Kxg7 {[%emt 0:00:01]} 29. Bc2 {[%emt 0:01:23]} Rd8 {[%emt 0:01:28]} 30. Qc3 {[%emt 0:00:01]} Nd4 {[%emt 0:00:32]} 31. Rd1 {[%emt 0:00:04]} Nce6 {[%emt 0:00:44]} 32. f4 {[%emt 0:02:03]} Nxc2 {[%emt 0:05:53]} 33. Kxc2 {[%emt 0:01:02]} Rxd1 {[%emt 0:00:04]} 34. Kxd1 {[%emt 0:00:04]} Qd7+ {[%emt 0:00:12]} 35. Ke1 {[%emt 0:01:00]} Nd4 {[%emt 0:00:06]} 36. fxe5 {[%emt 0:01:15]} c5 {[%emt 0:00:54]} 37. e6 {[%emt 0:00:21]} Qd6 {[%emt 0:00:19]} 38. Bxd4+ {[%emt 0:01:22]} cxd4 {[%emt 0:00:01]} 39. Qf3 {[%emt 0:00:34]} Qxe6 {[%emt 0:00:25]} 40. Qf4 {[%emt 0:00:00]} Qxc4 {[%emt 0:00:00]} 41. e5 {[%emt 0:13:25]} Qb4+ {[%emt 0:09:03]} 42. Kd1 {[%emt 0:02:20]} Qb6 {[%emt 0:00:25]} 43. e6 {[%emt 0:03:27]} Qxe6 {[%emt 0:01:06]} 44. Qxd4+ {[%emt 0:00:07]} Kg8 {[%emt 0:00:36]} 45. Qd8+ {[%emt 0:03:48]} Kf7 {[%emt 0:00:42]} 46. Qc7+ {[%emt 0:01:53]} Ke8 {[%emt 0:00:08]} 47. Qf4 {[%emt 0:02:14]} Qxa2 {[%emt 0:07:09]} 48. Qe5+ {[%emt 0:03:20]} Kf8 {[%emt 0:00:37]} 49. Qd6+ {[%emt 0:00:42]} Kg7 {[%emt 0:00:30]} 50. Qf6+ {[%emt 0:00:23]} Kh7 {[%emt 0:00:11]} 51. Qe7+ {[%emt 0:00:09]} Kg8 {[%emt 0:00:19]} 52. Qd8+ {[%emt 0:00:32]} Kg7 {[%emt 0:00:19]} 53. Qf6+ $11 {[%emt 0:00:18]} 1/2-1/2

[Event "52nd Iran-ch Men Final 2019"]
[Site "Bushehr"]
[Date "2019.02.02"]
[Round "10"]
[White "Firouzja, Alireza"]
[Black "Gholami, Aryan"]
[Result "1/2-1/2"]
[WhiteElo "2618"]
[BlackElo "2488"]
[Annotator "TA"]
[PlyCount "43"]
[EventDate "2019.01.24"]
[EventType "tourn"]
[EventCountry "IRI"]
[SourceTitle "playchess.com"]
[Source "ChessBase"]
[SourceQuality "1"]

{[%evp 10,43,10,19,15,8,10,0,0,0,0,-12,8,10,8,0,0,-3,0,-12,24,21,31,42,29,34,29,25,60,55,54,58,54,29,29,48]} 1. e4 c6 2. Nf3 d5 3. Nc3 dxe4 4. Nxe4 Nf6 5. Qe2 Nxe4 6. Qxe4 Qa5 {B11: Caro-Kann: Two Knights Variation} 7. Bd3 Na6 8. Bxa6 $146 ({Predecessor:} 8. Qe5 Qxe5+ 9. Nxe5 Nb4 10. Be4 f6 11. c3 Nd5 12. Nf3 a5 13. d4 a4 14. Bd2 {½-½ (41) Adams,M (2703)-Howell,D (2696) London 2018}) 8... Qxa6 {The position is equal.} 9. b3 c5 10. d4 cxd4 11. Nxd4 e6 12. Bb2 Bb4+ 13. c3 $132 {[%mdl 2048] White has counterplay} Be7 14. c4 Bb4+ 15. Ke2 Bd7 16. Rhd1 Be7 17. a4 {[#] Nb5 is the strong threat.} O-O 18. Nb5 Rad8 19. Rd3 Qc6 20. Qxc6 Bxc6 21. Rg3 g6 22. Nxa7 {Accuracy: White = 73%, Black = 65%.} 1/2-1/2

[Event "52nd Iran-ch Men Final 2019"]
[Site "Bushehr"]
[Date "2019.02.02"]
[Round "10"]
[White "Idani, Pouya"]
[Black "Moradi, Amirmasoud"]
[Result "*"]
[WhiteElo "2611"]
[BlackElo "2321"]
[Annotator "RC"]
[PlyCount "61"]
[EventDate "2019.01.24"]
[EventType "tourn"]
[EventCountry "IRI"]
[SourceTitle "playchess.com"]
[Source "ChessBase"]
[SourceQuality "1"]
[TimeControl "40/5400+30:1800+30"]

1. Nf3 Nf6 2. c4 e6 3. g3 c5 4. Bg2 Nc6 5. O-O Be7 6. d4 cxd4 7. Nxd4 d5 8. Nc3 O-O 9. cxd5 exd5 10. Be3 Bg4 {[%emt 0:36:35]} 11. h3 {[%emt 0:28:16]} Be6 {[%emt 0:00:26]} 12. Qa4 {[%emt 0:02:50]} Qd7 {[%emt 0:37:19]} 13. Nxe6 {[%emt 0:00:30]} fxe6 {[%emt 0:00:30]} 14. Rad1 {[%emt 0:00:30]} a6 {[%emt 0:00:30]} 15. Bb6 {[%emt 0:00:30]} Ne5 {[%emt 0:00:30]} 16. Qb3 {[%emt 0:00:30]} Qc6 {[%emt 0:00:30]} 17. Bd4 {[%emt 0:00:30]} Ned7 {[%emt 0:00:30]} 18. Rc1 {[%emt 0:00:30]} Nc5 {[%emt 0:00:30]} 19. Qd1 {[%emt 0:00:30]} Qd7 {[%emt 0:00:30]} 20. Bxf6 {[%emt 0:00:30]} Bxf6 {[%emt 0:00:30]} 21. Nxd5 {[%emt 0:00:30]} exd5 {[%emt 0:00:30]} 22. Qxd5+ {[%emt 0:00:30]} Qxd5 {[%emt 0:00:30]} 23. Bxd5+ {[%emt 0:00:30]} Ne6 {[%emt 0:00:30]} 24. Bxe6+ {[%emt 0:00:30]} Kh8 {[%emt 0:00:30]} 25. Bd5 {[%emt 0:00:30]} Rae8 {[%emt 0:00:30]} 26. Rc2 {[%emt 0:00:30]} Re7 {[%emt 0:00:30]} 27. h4 {[%emt 0:00:30]} g6 {[%emt 0:00:30]} 28. Kg2 {[%emt 0:00:30]} a5 {[%emt 0:16:21]} 29. b3 {[%emt 0:26:27]} Rd8 {[%emt 0:01:46]} 30. e4 {[%emt 0:00:33]} b6 {[%emt 0:00:15]} 31. Rfc1 {[%emt 0:02:15]} *

[Event "52nd Iran-ch Men Final 2019"]
[Site "Bushehr"]
[Date "2019.02.02"]
[Round "10"]
[White "Mosadeghpour, Masoud"]
[Black "Khodashenas, Mersad"]
[Result "1/2-1/2"]
[WhiteElo "2517"]
[BlackElo "2455"]
[Annotator "TA"]
[PlyCount "119"]
[EventDate "2019.01.24"]
[EventType "tourn"]
[EventCountry "IRI"]
[SourceTitle "playchess.com"]
[Source "ChessBase"]
[SourceQuality "1"]

{[%evp 9,119,-24,-29,-23,-43,-94,-108,-102,-101,-113,-96,-92,-101,-126,-96,-109,-66,-53,0,0,0,0,0,0,0,0,0,0,0,0,0,0,0,0,0,-29,0,-19,-25,-24,0,-10,-6,-25,-14,-23,0,-18,0,-12,-24,-14,-22,-18,0,0,0,-12,28,28,38,4,18,33,111,0,0,0,0,0,12,8,31,0,0,0,0,0,0,0,0,0,0,0,0,-8,-8,-8,-8,-8,-8,-8,-8,-8,-8,-15,-15,-18,-18,-18,-15,-13,-8,-8,-8,-22,0,0,0,-22,0,0]} 1. Nf3 Nf6 2. g3 b5 {[%cal Bb7b5,Bb5c4][%mdl 32]} 3. Bg2 Bb7 4. O-O ({Predecessor:} 4. c4 bxc4 5. Qa4 e6 {0-1 (26) Robinson,R (2108)-Gelashvili,T (2616) Orlando 2011}) 4... e6 5. c4 $146 (5. d3 Be7 6. e4 d6 7. Nfd2 e5 8. a4 a6 9. Nc3 c6 10. f4 Nbd7 11. Nf3 O-O 12. h3 Qc7 13. g4 Ne8 14. Ne2 exf4 15. Bxf4 {0-1 (45) Grischuk,A (2771)-Maghsoodloo,P (2688) St Petersburg 2018}) 5... bxc4 6. Qa4 {A05: Réti Opening: 1 Nf3 Nf6} c6 7. Nd4 (7. Nc3 $15) ({Predecessor:} 7. Nc3 d5 8. e4 Nbd7 9. e5 Nb6 10. Qc2 Nfd7 11. Re1 Be7 {0-1 (26) Robinson,R (2108)-Gelashvili,T (2616) Orlando 2011}) 7... d5 8. b3 {Black is better.} Qb6 9. e3 cxb3 10. Nxb3 Nbd7 11. Nc3 Qb4 12. Bb2 Qxa4 (12... a5 {looks sharper.} 13. a3 Qd6 14. Rfc1 Be7 15. Ne2 Qc7) 13. Nxa4 c5 ({Better is} 13... Rb8 $15) 14. Rfc1 $11 {[%cal Rb3c5]} Rc8 15. d3 Ba6 16. Bf1 $1 Bb5 17. Naxc5 Nxc5 18. Bxf6 gxf6 19. d4 Bxf1 20. Kxf1 Kd7 {[#] And now ...Nxb3 would win.} 21. dxc5 Be7 22. Rc2 Rc7 23. Rac1 Rb8 24. g4 Rb5 25. Rc3 Rb4 26. h3 Rc8 27. Nd4 Bd8 28. Ke2 Bc7 29. Rb3 Rcb8 30. Kd3 Rxb3+ 31. Nxb3 {[%mdl 4096] Endgame KRB-KRN} e5 32. e4 Kc6 33. f3 a5 34. exd5+ Kxd5 35. Nd2 Rb2 36. Ne4 Rh2 {[#]} (36... Kc6 $14) 37. Nxf6+ (37. c6 $1 $16) 37... Kc6 38. Rc2 Rxh3 39. Ke4 Rh1 40. Kf5 a4 41. Rc4 Rf1 {The position is equal.} 42. Ke4 Bd8 43. Ne8 Re1+ 44. Kd3 a3 45. Nd6 Bg5 {With the idea ...Re3+.} 46. Rc3 Be3 47. Ne4 Bd4 48. Rb3 Re3+ 49. Kc4 {Hoping for Rb6+.} Rxb3 50. Kxb3 Bxc5 {KB-KN} 51. Kc4 Be7 52. Ng3 Kd6 53. Nf5+ Ke6 54. Kd3 Bc5 55. Ke4 Kf6 56. Kd5 Bb4 57. Ng3 Ke7 58. Nf5+ Kf6 59. Ng3 Ke7 60. Nf5+ {Accuracy: White = 56%, Black = 54%.} 1/2-1/2

[Event "52nd Iran-ch Men Final 2019"]
[Site "Bushehr"]
[Date "2019.02.02"]
[Round "10"]
[White "Darini, Pouria"]
[Black "Ghaem Maghami, Ehsan"]
[Result "1/2-1/2"]
[WhiteElo "2475"]
[BlackElo "2533"]
[Annotator "RC"]
[PlyCount "83"]
[EventDate "2019.01.24"]
[EventType "tourn"]
[EventCountry "IRI"]
[SourceTitle "playchess.com"]
[Source "ChessBase"]
[SourceQuality "1"]
[TimeControl "40/5400+30:1800+30"]

1. e4 {[%emt 0:00:00]} c6 {[%emt 0:02:08]} 2. d4 {[%emt 0:00:12]} d5 {[%emt 0:00:10]} 3. e5 {[%emt 0:00:02]} Bf5 {[%emt 0:01:13]} 4. Nf3 {[%emt 0:00:25]} e6 {[%emt 0:00:08]} 5. Be2 {[%emt 0:00:04]} Ne7 {[%emt 0:00:33]} 6. O-O {[%emt 0:00:27]} c5 {[%emt 0:06:03]} 7. c4 {[%emt 0:00:39]} Nbc6 {[%emt 0:00:25]} 8. dxc5 {[%emt 0:00:15]} d4 {[%emt 0:03:29]} 9. Qb3 {[%emt 0:00:13]} Qc8 10. Rd1 Ng6 {[%emt 0:02:00]} 11. Qa4 {[%emt 0:24:52]} Bxc5 {[%emt 0:02:59]} 12. Nxd4 {[%emt 0:01:36]} O-O {[%emt 0:01:24]} 13. Nxc6 {[%emt 0:01:01]} Qxc6 {[%emt 0:06:02]} 14. Qxc6 {[%emt 0:00:08]} bxc6 {[%emt 0:00:03]} 15. Nc3 {[%emt 0:00:12]} Nxe5 {[%emt 0:01:16]} 16. Na4 {[%emt 0:00:08]} Be7 {[%emt 0:01:54]} 17. b3 {[%emt 0:00:09]} Rfc8 {[%emt 0:14:50]} 18. Be3 g5 19. f3 {[%emt 0:36:59]} c5 {[%emt 0:15:02]} 20. Rd2 {[%emt 0:03:52]} Kf8 {[%emt 0:03:16]} 21. g4 {[%emt 0:07:59]} Bg6 {[%emt 0:00:26]} 22. h4 {[%emt 0:00:20]} f6 {[%emt 0:03:07]} 23. hxg5 {[%emt 0:01:12]} fxg5 {[%emt 0:01:21]} 24. f4 {[%emt 0:00:11]} gxf4 {[%emt 0:04:31]} 25. Bxf4 {[%emt 0:00:10]} Bf6 {[%emt 0:03:04]} 26. Re1 {[%emt 0:09:35]} Kf7 {[%emt 0:06:48]} 27. g5 {[%emt 0:10:15]} Bg7 {[%emt 0:00:48]} 28. Bxe5 {[%emt 0:01:13]} Bxe5 {[%emt 0:00:16]} 29. Bg4 {[%emt 0:00:08]} Bd4+ {[%emt 0:03:04]} 30. Rxd4 {[%emt 0:00:01]} cxd4 {[%emt 0:00:07]} 31. Bxe6+ {[%emt 0:00:02]} Kf8 {[%emt 0:00:13]} 32. Bxc8 {[%emt 0:00:01]} Rxc8 {[%emt 0:00:09]} 33. Kf2 {[%emt 0:00:24]} Be8 {[%emt 0:03:00]} 34. Nb2 {[%emt 0:00:08]} Rc5 {[%emt 0:00:01]} 35. Re4 {[%emt 0:03:47]} Rf5+ {[%emt 0:00:43]} 36. Ke1 {[%emt 0:00:09]} Rxg5 {[%emt 0:00:27]} 37. Nd3 {[%emt 0:01:07]} Rg1+ {[%emt 0:02:07]} 38. Kf2 {[%emt 0:00:06]} Rd1 {[%emt 0:00:23]} 39. Rf4+ {[%emt 0:00:54]} Ke7 {[%emt 0:01:04]} 40. Re4+ {[%emt 0:00:00]} Kf8 {[%emt 0:00:00]} 41. Rf4+ {[%emt 0:16:46]} Ke7 {[%emt 0:00:57]} 42. Re4+ {[%emt 0:07:23]} 1/2-1/2